[Event "Kiel op 31st"]
[Site "Kiel"]
[Date "2018.07.29"]
[Round "3"]
[White "Petri, Alexander"]
[Black "Rocha, Sergio MC"]
[Result "0-1"]
[WhiteElo "2138"]
[BlackElo "2373"]
[PlyCount "116"]
[EventDate "2018.07.28"]
[EventType "swiss"]
[EventRounds "9"]
[EventCountry "GER"]
[SourceTitle "CBM 185 Extra"]
[Source "ChessBase"]
[SourceDate "2018.07.29"]
[SourceVersion "1"]
[SourceVersionDate "2018.07.29"]
[SourceQuality "1"]

1. d4 Nf6 2. Nf3 g6 3. Bg5 Bg7 4. Nbd2 d6 5. c3 0-0 6. e4 c6 7. Be2 Na6 8. h3 Nc7 9. 0-0 b5 10. e5 Nfd5 11. exd6 Qxd6 12. Ne4 Qd8 13. Nc5 h6 14. Bh4 f5 15. Bg3 f4 16. Bh2 Ne6 17. Nxe6 Bxe6 18. Re1 Bf5 19. Nh4 e6 20. Nxf5 exf5 21. Bf3 g5 22. Bxd5+ Qxd5 23. Qb3 Kf7 24. Qxd5+ cxd5 25. f3 a5 26. a3 Rfc8 27. Kf1 b4 28. axb4 axb4 29. Rxa8 Rxa8 30. cxb4 Rb8 31. Bg1 Rxb4 32. Re2 h5 33. Rd2 g4 34. Bf2 Ra4 35. Ke2 Ke6 36. Kd3 g3 37. Re2+ Kd7 38. Be1 Rxd4+ 39. Kc2 Ra4 40. Bd2 Bf6 41. Kb3 Rc4 42. Bc3 Bxc3 43. bxc3 Kd6 44. Re8 Rc7 45. Rf8 Rb7+ 46. Ka3 Kc5 47. Rc8+ Kb5 48. Kb3 Re7 49. Rb8+ Kc5 50. Rc8+ Kd6 51. Rd8+ Kc6 52. Ra8 Re2 53. Ra2 Rf2 54. Rc2 Kc5 55. Rb2 d4 56. cxd4+ Kxd4 57. Rc2 Rxc2 58. Kxc2 Ke3 0-1

[Event "Kiel op-A 29th"]
[Site "Kiel"]
[Date "2016.08.04"]
[Round "8"]
[White "Petri, Alexander"]
[Black "Dittrich, Gunnar"]
[Result "1/2-1/2"]
[WhiteElo "2139"]
[BlackElo "1950"]
[PlyCount "95"]
[EventDate "2016.07.30"]
[EventType "swiss"]
[EventRounds "9"]
[EventCountry "GER"]
[SourceTitle "EXT 2017"]
[Source "ChessBase"]
[SourceDate "2016.10.25"]
[SourceVersion "1"]
[SourceVersionDate "2016.10.25"]
[SourceQuality "1"]

1. Nf3 d5 2. g3 c5 3. Bg2 Nc6 4. 0-0 Nf6 5. d3 Bg4 6. Nbd2 e5 7. e4 d4 8. a4 Bd6 9. Nc4 Bc7 10. h3 Bh5 11. Bd2 h6 12. g4 Bg6 13. Nh4 Nxe4 14. Nxg6 Nxd2 15. Nxh8 Nxf1 16. Bxc6+ bxc6 17. Qf3 Qf6 18. Qxf6 gxf6 19. Kxf1 Ke7 20. Nxf7 Kxf7 21. Ke2 h5 22. gxh5 Rh8 23. Ra3 Rb8 24. Kf3 f5 25. Ra1 Rh8 26. Re1 Kf6 27. Rg1 Rxh5 28. Rg8 Rxh3+ 29. Kg2 Rh7 30. Ra8 e4 31. Rxa7 e3 32. fxe3 dxe3 33. Nxe3 Rh2+ 34. Kf3 Rh3+ 35. Ke2 Rh2+ 36. Kf3 Rh3+ 37. Ke2 Rh2+ 38. Kf1 Rh1+ 39. Kf2 Rh2+ 40. Ng2 Be5 41. c3 Rh3 42. Ra6 Kg5 43. Rxc6 Bg3+ 44. Kf3 Bh4+ 45. Ke2 Rh2 46. Kf1 Rh1+ 47. Ke2 Rh2 48. Kf3 1/2-1/2

[Event "Kiel op-A 29th"]
[Site "Kiel"]
[Date "2016.08.01"]
[Round "5"]
[White "Voloshin, Leonid"]
[Black "Petri, Alexander"]
[Result "1-0"]
[WhiteElo "2424"]
[BlackElo "2139"]
[PlyCount "111"]
[EventDate "2016.07.30"]
[EventType "swiss"]
[EventRounds "9"]
[EventCountry "GER"]
[SourceTitle "CBM 173 Extra"]
[Source "ChessBase"]
[SourceDate "2016.08.29"]
[SourceVersion "1"]
[SourceVersionDate "2016.08.29"]
[SourceQuality "1"]

1. Nf3 Nf6 2. g3 d5 3. Bg2 c6 4. 0-0 e6 5. d3 Be7 6. Nbd2 0-0 7. e4 Qc7 8. e5 Nfd7 9. Re1 c5 10. Nf1 Nc6 11. Bf4 b5 12. h4 Nd4 13. Nxd4 cxd4 14. Nd2 Bb7 15. Nb3 Bb4 16. Re2 Qb6 17. Bd2 Be7 18. Ba5 Qa6 19. Qe1 Bc5 20. Bb4 Qb6 21. Qd2 Rac8 22. Rb1 Qa6 23. a3 Qa4 24. Na5 Ba8 25. Nb3 Bb7 26. Nxc5 Nxc5 27. Qf4 Qa6 28. Qxd4 Qc6 29. Qg4 Rfd8 30. d4 Nd7 31. Be7 Re8 32. Bf6 Nxf6 33. exf6 g6 34. Qf4 Kh8 35. Rbe1 Qc7 36. Qh6 Rg8 37. Bh3 Rce8 38. Qe3 Qd8 39. Qe5 Bc6 40. Re3 Bd7 41. Rc3 Qb6 42. Qc7 Rd8 43. Qxb6 axb6 44. Rc7 g5 45. hxg5 Rxg5 46. Re3 h5 47. Re5 Rg6 48. Rxh5+ Kg8 49. Rb7 Rxf6 50. Rxb6 Rc8 51. c3 Rf3 52. Bf1 Kg7 53. Kg2 Rf6 54. Bxb5 Bxb5 55. Rxb5 Kg6 56. Rh1 1-0

[Event "Kiel op 28th"]
[Site "Kiel"]
[Date "2015.07.25"]
[Round "2"]
[White "Neumann, Frank"]
[Black "Petri, Alexander"]
[Result "1-0"]
[WhiteElo "2027"]
[BlackElo "2167"]
[PlyCount "107"]
[EventDate "2015.07.25"]
[EventType "swiss"]
[EventRounds "9"]
[EventCountry "GER"]
[SourceTitle "CBM 167 Extra"]
[Source "ChessBase"]
[SourceDate "2015.09.14"]
[SourceVersion "1"]
[SourceVersionDate "2015.09.14"]
[SourceQuality "1"]

1. d4 d5 2. c4 c6 3. Nc3 Nf6 4. Nf3 a6 5. c5 g6 6. Bf4 Nh5 7. e3 Nxf4 8. exf4 Bg7 9. h3 0-0 10. Bd3 Qc7 11. Qd2 Bh6 12. Ne2 f6 13. g4 e5 14. dxe5 fxe5 15. g5 e4 16. gxh6 exf3 17. Nd4 Qxf4 18. Nb3 Nd7 19. Qxf4 Rxf4 20. h4 Ne5 21. Bc2 Bg4 22. 0-0-0 Nf7 23. Na5 Rb8 24. Rde1 Nxh6 25. Re7 Rf7 26. Rhe1 Kf8 27. Rxf7+ Kxf7 28. Re3 Re8 29. Rxe8 Kxe8 30. Nxb7 Bd7 31. Kd2 Ng4 32. Ke1 Ke7 33. Bd3 Ne5 34. Bxa6 Bc8 35. b4 Kd7 36. b5 Kc7 37. Na5 Nd3+ 38. Kd2 Nxc5 39. Bxc8 Kxc8 40. Nxc6 Kc7 41. Ke3 Na4 42. Nd4 Kb6 43. Kxf3 Kc5 44. Ne6+ Kxb5 45. Nf8 Kc4 46. Nxh7 d4 47. Ng5 Kc3 48. Kf4 d3 49. Nf3 Nc5 50. Ke5 Nd7+ 51. Kd6 Nf6 52. a4 Kc2 53. Ke6 Ne4 54. Kf7 1-0

[Event "Schleswig Holstein-ch Seniors"]
[Site "Hanerau"]
[Date "2015.04.01"]
[Round "6"]
[White "Petri, Alexander"]
[Black "Kropp, Juergen"]
[Result "1/2-1/2"]
[WhiteElo "2167"]
[BlackElo "2026"]
[PlyCount "88"]
[EventDate "2015.03.28"]
[EventType "swiss"]
[EventRounds "9"]
[EventCountry "GER"]
[SourceTitle "EXT 2018"]
[Source "ChessBase"]
[SourceDate "2017.10.13"]
[SourceVersion "1"]
[SourceVersionDate "2017.10.13"]
[SourceQuality "1"]

1. d4 e6 2. Nf3 b6 3. e4 Bb7 4. Bd3 c5 5. c3 d6 6. 0-0 Ne7 7. Bg5 h6 8. Be3 g6 9. Na3 Bg7 10. Qd2 Nbc6 11. Nc4 b5 12. Na3 c4 13. Bc2 a6 14. d5 exd5 15. exd5 Ne5 16. Nxe5 dxe5 17. d6 Nf5 18. Bxf5 gxf5 19. f4 Be4 20. fxe5 Bxe5 21. Bf4 Rg8 22. Rf2 Bxf4 23. Qxf4 Qg5 24. Qe5+ Kd7 25. g3 Rge8 26. Qc5 Rec8 27. Qe5 Re8 28. Qd4 Re6 29. Rd1 Qg6 30. Nc2 Rxd6 31. Qxd6+ Qxd6 32. Rxd6+ Kxd6 33. Nd4 Ke5 34. Rf4 Rb8 35. a3 Rb6 36. Kf2 a5 37. Ke3 h5 38. Rh4 b4 39. axb4 axb4 40. Rxh5 bxc3 41. bxc3 Rb3 42. Kd2 Rb2+ 43. Ke3 Rb3 44. Kd2 Rb2+ 1/2-1/2

[Event "Kiel op-A 27th"]
[Site "Kiel"]
[Date "2014.08.07"]
[Round "8"]
[White "Petri, Alexander"]
[Black "Uksini, Bardhyl"]
[Result "1/2-1/2"]
[WhiteElo "2164"]
[BlackElo "2063"]
[PlyCount "37"]
[EventDate "2014.08.02"]
[EventType "swiss"]
[EventRounds "9"]
[EventCountry "GER"]
[SourceTitle "CBM 161 Extra"]
[Source "ChessBase"]
[SourceDate "2014.08.29"]
[SourceVersion "1"]
[SourceVersionDate "2014.08.29"]
[SourceQuality "1"]

1. d4 Nf6 2. Nf3 e6 3. Bg5 c5 4. e3 Qb6 5. Qc1 Nc6 6. c3 Ne4 7. Bf4 d5 8. Nbd2 f5 9. Be2 Be7 10. Ne5 0-0 11. 0-0 Bf6 12. Nxe4 fxe4 13. Nxc6 Qxc6 14. f3 exf3 15. Bxf3 b6 16. Qd2 Ba6 17. Rfe1 Rad8 18. Bg3 Rfe8 19. Rad1 1/2-1/2

[Event "Kiel op-A 27th"]
[Site "Kiel"]
[Date "2014.08.03"]
[Round "4"]
[White "Voloshin, Leonid"]
[Black "Petri, Alexander"]
[Result "1/2-1/2"]
[WhiteElo "2403"]
[BlackElo "2164"]
[PlyCount "41"]
[EventDate "2014.08.02"]
[EventType "swiss"]
[EventRounds "9"]
[EventCountry "GER"]
[SourceTitle "CBM 161 Extra"]
[Source "ChessBase"]
[SourceDate "2014.08.29"]
[SourceVersion "1"]
[SourceVersionDate "2014.08.29"]
[SourceQuality "1"]

1. d4 d5 2. c4 c6 3. e3 Nf6 4. Nc3 a6 5. Nf3 b5 6. cxd5 cxd5 7. Ne5 e6 8. Bd3 Bd6 9. 0-0 Bb7 10. Bd2 0-0 11. f4 Nbd7 12. Be1 Ne4 13. a4 b4 14. Nxe4 dxe4 15. Be2 a5 16. Bb5 Nb6 17. Bd2 f5 18. Nc4 Bd5 19. b3 Nc8 20. Qe2 Na7 21. Ba6 1/2-1/2

[Event "Kiel op-A 27th"]
[Site "Kiel"]
[Date "2014.08.02"]
[Round "1"]
[White "Petri, Alexander"]
[Black "Rohmann, Volker"]
[Result "1-0"]
[WhiteElo "2164"]
[BlackElo "1850"]
[PlyCount "57"]
[EventDate "2014.08.02"]
[EventType "swiss"]
[EventRounds "9"]
[EventCountry "GER"]
[SourceTitle "CBM 161 Extra"]
[Source "ChessBase"]
[SourceDate "2014.08.29"]
[SourceVersion "1"]
[SourceVersionDate "2014.08.29"]
[SourceQuality "1"]

1. d4 d5 2. Nf3 Nf6 3. c4 c6 4. Qc2 e6 5. Nbd2 Nbd7 6. g3 Bd6 7. Bg2 0-0 8. 0-0 Qe7 9. e4 dxe4 10. Nxe4 Nxe4 11. Qxe4 Nf6 12. Qe2 Bd7 13. Ne5 h6 14. Bf4 Rfd8 15. Rfe1 Be8 16. a3 a5 17. Rad1 Rac8 18. h4 b5 19. c5 Bxe5 20. Bxe5 Nd5 21. Qg4 Nf6 22. Qf4 Nh5 23. Qd2 a4 24. g4 Nf6 25. g5 hxg5 26. Qxg5 Rd7 27. Bf3 Kh8 28. Kh1 Nh7 29. Qxg7# 1-0

[Event "Kiel op-A 26th"]
[Site "Kiel"]
[Date "2013.07.29"]
[Round "5"]
[White "Feuerstack, Aljoscha"]
[Black "Petri, Alexander"]
[Result "0-1"]
[WhiteElo "2418"]
[BlackElo "2179"]
[PlyCount "76"]
[EventDate "2013.07.27"]
[EventType "swiss"]
[EventRounds "9"]
[EventCountry "GER"]
[SourceTitle "EXT 2018"]
[Source "ChessBase"]
[SourceDate "2017.10.13"]
[SourceVersion "1"]
[SourceVersionDate "2017.10.13"]
[SourceQuality "1"]

1. e4 c6 2. d4 d5 3. e5 c5 4. c3 cxd4 5. cxd4 Nc6 6. Nc3 Bf5 7. Nge2 e6 8. Ng3 Bg6 9. h4 h5 10. Bb5 Be7 11. Nge2 Bf5 12. Qa4 Qb6 13. Bg5 Bxg5 14. hxg5 Nge7 15. 0-0-0 a6 16. Nf4 0-0-0 17. Be2 g6 18. g3 Nxe5 19. dxe5 Qxf2 20. Nd3 Qe3+ 21. Rd2 d4 22. Nd1 Qxg3 23. Nc5 Qxe5 24. Nxa6 Rd6 25. Nb4 Kb8 26. Bd3 Bxd3 27. Rxd3 Qxg5+ 28. Kb1 Rc8 29. a3 Nc6 30. Nxc6+ Rcxc6 31. Rxd4 Rxd4 32. Qxd4 Qc5 33. Qd8+ Ka7 34. Nc3 Qf5+ 35. Ka1 Rb6 36. Rh4 Qf1+ 37. Ka2 Ra6 38. Rb4 Qf3 0-1

[Event "Schleswig Holstein-ch"]
[Site "Neumuenster"]
[Date "2013.03.25"]
[Round "3"]
[White "Jahncke, Giso"]
[Black "Petri, Alexander"]
[Result "1-0"]
[WhiteElo "2196"]
[BlackElo "2178"]
[PlyCount "71"]
[EventDate "2013.03.23"]
[EventType "swiss"]
[EventRounds "5"]
[EventCountry "GER"]
[SourceTitle "CBM 153 Extra"]
[Source "ChessBase"]
[SourceDate "2013.04.22"]
[SourceVersion "1"]
[SourceVersionDate "2013.04.22"]
[SourceQuality "1"]

1. e4 c6 2. d4 d5 3. e5 Bf5 4. Nf3 e6 5. Be2 Nd7 6. 0-0 Bg6 7. Nbd2 Nh6 8. c4 Be7 9. b3 0-0 10. Bb2 Nf5 11. g4 Nh4 12. Nxh4 Bxh4 13. f4 f5 14. g5 h6 15. Ba3 Re8 16. Bh5 Kf7 17. Bxg6+ Kxg6 18. Nf3 hxg5 19. Nxh4+ gxh4 20. Kh1 Rh8 21. Rg1+ Kf7 22. Qd2 h3 23. cxd5 Nf6 24. dxe6+ Kxe6 25. d5+ Qxd5+ 26. Qxd5+ Nxd5 27. Rg6+ Kf7 28. Rag1 Nxf4 29. Rxg7+ Ke6 30. Rd1 Nd5 31. Rg6+ Kf7 32. Rdg1 Rae8 33. e6+ Rxe6 34. Rg7+ Ke8 35. Rxb7 Reh6 36. Rgg7 1-0

[Event "Kiel op 25th"]
[Site "Kiel"]
[Date "2012.08.03"]
[Round "9"]
[White "Petri, Alexander"]
[Black "Franzenburg, Maria"]
[Result "1-0"]
[WhiteElo "2183"]
[BlackElo "1903"]
[PlyCount "105"]
[EventDate "2012.07.28"]
[EventType "swiss"]
[EventRounds "9"]
[EventCountry "GER"]
[SourceTitle "EXT 2015"]
[Source "ChessBase"]
[SourceDate "2014.11.20"]
[SourceVersion "1"]
[SourceVersionDate "2014.11.20"]
[SourceQuality "1"]

1. d4 d5 2. Nf3 Nf6 3. c4 e6 4. cxd5 exd5 5. Nc3 c6 6. Qc2 Bd6 7. Bg5 Nbd7 8. e3 0-0 9. Bd3 Qc7 10. Bh4 h6 11. Bg3 Re8 12. 0-0-0 a6 13. Kb1 b5 14. Rc1 Nb6 15. b3 Bd7 16. Ne2 Ne4 17. Bxe4 dxe4 18. Bxd6 Qxd6 19. Ne5 Rxe5 20. dxe5 Qxe5 21. Qc5 Qc7 22. Nd4 Rc8 23. Rc2 Nd5 24. a3 a5 25. Ne2 a4 26. b4 Nb6 27. Nd4 Nc4 28. Rc3 Kh7 29. h3 Qd8 30. Rhc1 Qf6 31. R1c2 Qg6 32. g4 Qf6 33. Nf5 g6 34. Qd4 Qxd4 35. Nxd4 c5 36. Nxb5 Nxe3 37. fxe3 Bxb5 38. Rxc5 Rb8 39. Rf2 Bd3+ 40. Kb2 Rb7 41. Kc3 Kg7 42. Rb2 Bf1 43. h4 Rd7 44. Rd2 Rb7 45. Rd6 Be2 46. g5 h5 47. Kd4 Bd3 48. Rc8 Bb5 49. Kxe4 Re7+ 50. Kd4 Rd7 51. Rxd7 Bxd7 52. Rc7 Bb5 53. Kc5 1-0

[Event "Kiel op 21th"]
[Site "Kiel"]
[Date "2008.08.09"]
[Round "1"]
[White "Petri, Alexander"]
[Black "Lohrie, Matthias"]
[Result "1-0"]
[WhiteElo "2164"]
[BlackElo "1769"]
[PlyCount "109"]
[EventDate "2008.08.09"]
[EventType "swiss"]
[EventRounds "9"]
[EventCountry "GER"]
[SourceTitle "EXT 2009"]
[Source "ChessBase"]
[SourceDate "2008.11.26"]
[SourceVersion "1"]
[SourceVersionDate "2008.11.26"]
[SourceQuality "1"]

1. d4 f5 2. g3 Nf6 3. Bg2 g6 4. c4 Bg7 5. Nc3 d6 6. Nf3 0-0 7. 0-0 Qe8 8. d5 a5 9. Nd4 Na6 10. Rb1 Bd7 11. b3 c6 12. e3 Nc7 13. Ba3 cxd5 14. cxd5 Rb8 15. Bb2 Qf7 16. Qf3 b5 17. Nc6 Bxc6 18. dxc6 d5 19. Rfd1 e6 20. Rbc1 Ng4 21. Qe2 Ne5 22. f4 Ng4 23. h3 Nf6 24. a4 b4 25. Nb5 Nfe8 26. Bd4 Bxd4 27. exd4 Rb6 28. Rc5 Na6 29. Rc2 Nec7 30. Bf1 Rd8 31. Qe5 Qe7 32. Rdc1 Kf7 33. Bd3 h6 34. Re2 Nxb5 35. axb5 Nc7 36. Rc5 Rdb8 37. Ra2 Ra8 38. Ra4 Ra7 39. Kf2 Ra8 40. Qe2 Qd6 41. Qa2 Qd8 42. Rxa5 Rxa5 43. Qxa5 Qb8 44. Qxb4 Na6 45. Qa3 Nc7 46. Rc2 Kf6 47. Ra2 h5 48. h4 Qd8 49. Qa5 Qb8 50. Qa7 Ke7 51. Qxb8 Rxb8 52. Ra7 Kd8 53. Rb7 Kc8 54. Rxb8+ Kxb8 55. b6 1-0

[Event "Schleswig Holstein-ch M 62nd"]
[Site "Itzehoe"]
[Date "2007.04.07"]
[Round "8"]
[White "Petri, Alexander"]
[Black "Zeller, Joerg"]
[Result "1-0"]
[WhiteElo "2134"]
[BlackElo "2202"]
[PlyCount "125"]
[EventDate "2007.03.31"]
[EventType "swiss"]
[EventRounds "9"]
[EventCountry "GER"]
[SourceTitle "EXT 2010"]
[Source "ChessBase"]
[SourceDate "2010.11.25"]
[SourceVersion "1"]
[SourceVersionDate "2010.11.25"]
[SourceQuality "1"]

1. d4 d5 2. Nf3 c6 3. c4 Nf6 4. Nc3 e6 5. cxd5 exd5 6. Qc2 Be7 7. Bg5 0-0 8. e3 Re8 9. Bd3 Nbd7 10. h3 h6 11. Bf4 Nf8 12. 0-0-0 Bb4 13. Ne5 Qa5 14. f3 c5 15. a3 Bxc3 16. Qxc3 Qxc3+ 17. bxc3 N6d7 18. Nxd7 Bxd7 19. Kd2 cxd4 20. cxd4 Bc6 21. Rhe1 Ne6 22. Be5 Nc5 23. Bf1 Nd7 24. Bf4 Rac8 25. Rc1 Nb6 26. Bd3 Bd7 27. Rc7 Bc6 28. Rxc8 Rxc8 29. Rc1 Re8 30. Bc7 Nc8 31. h4 Kf8 32. h5 Ke7 33. Bf4 Nb6 34. Rc5 Nd7 35. Rc2 Nb6 36. Ke2 Kd8 37. Kf2 Nd7 38. g4 f6 39. Rb2 Nf8 40. Bf5 Ne6 41. Bb8 a6 42. Ba7 b5 43. Rc2 Kc7 44. e4 Kb7 45. Bc5 Nxc5 46. Rxc5 Rd8 47. Ke3 Rd6 48. e5 fxe5 49. dxe5 d4+ 50. Kd3 Rd8 51. Be4 Bxe4+ 52. fxe4 Kb6 53. Rd5 Kc7 54. Kxd4 Rb8 55. e6 a5 56. Ke5 b4 57. axb4 axb4 58. e7 b3 59. Rd1 b2 60. Ke6 Rb6+ 61. Kf7 Rf6+ 62. Kxg7 Rd6 63. e8N+ 1-0

[Event "Kiel op-A 19th"]
[Site "Kiel"]
[Date "2006.07.23"]
[Round "3"]
[White "Hebbinghaus, Holger"]
[Black "Petri, Alexander"]
[Result "1/2-1/2"]
[WhiteElo "2302"]
[BlackElo "2081"]
[PlyCount "101"]
[EventDate "2006.07.22"]
[EventType "swiss"]
[EventRounds "9"]
[EventCountry "GER"]
[SourceTitle "CBM 113 Extra"]
[Source "ChessBase"]
[SourceDate "2006.09.14"]
[SourceVersion "1"]
[SourceVersionDate "2006.09.14"]
[SourceQuality "1"]

1. e4 Nf6 2. e5 Nd5 3. d4 d6 4. c4 Nb6 5. exd6 exd6 6. Nc3 Be7 7. Bd3 Be6 8. b3 Bf6 9. Nge2 0-0 10. 0-0 Re8 11. Be3 d5 12. c5 N6d7 13. Qc2 Nf8 14. b4 Nc6 15. a3 Bg4 16. b5 Bxe2 17. Nxe2 Ne7 18. Rad1 Neg6 19. Qd2 Qe7 20. Nc3 Rad8 21. Bc2 Ne6 22. Rfe1 Bg5 23. Bxg5 Qxg5 24. Qxg5 Nxg5 25. Rxe8+ Rxe8 26. Nxd5 Ne6 27. Kf1 Rd8 28. Bb3 c6 29. bxc6 bxc6 30. Nb4 Nxd4 31. Bd5 Ne7 32. Rxd4 cxd5 33. c6 Kf8 34. c7 Rc8 35. Na6 Re8 36. Nb4 Rc8 37. Na6 Re8 38. Rd3 f6 39. Ke2 Kf7 40. Kd2 Ke6 41. Rh3 h6 42. Rg3 Nf5 43. Rb3 Ne7 44. Rb7 Nc8 45. Kd3 Kd6 46. Rb8 f5 47. a4 g5 48. a5 h5 49. h4 gxh4 50. Rb4 Re4 51. Rb8 1/2-1/2